|
|
|
|
| LEADER |
00000cam a2200000 7i4500 |
| 001 |
0000000145 |
| 005 |
20240919.0 |
| 008 |
991123 my may |
| 040 |
|
|
|a INS
|b eng
|e rda
|
| 090 |
0 |
0 |
|a G70.2
|b .P75 1993
|
| 245 |
0 |
0 |
|a Prinsip-prinsip G.I.S.
|c Taher Buyong, Ghazali Desa, Ahris Yaakup, Amiruddin Abu Bakar
|
| 264 |
|
1 |
|a Skudai :
|b Universiti Teknologi Malaysia
|c 1993
|
| 300 |
|
|
|a 1 v. (various pagings) :
|b illustrations ;
|c 30 cm.
|
| 336 |
|
|
|a text
|2 rdacontent
|
| 337 |
|
|
|a unmediated
|2 rdamedia
|
| 338 |
|
|
|a volume
|2 rdacarrier
|
| 650 |
0 |
0 |
|a Geographical Information System
|
| 700 |
0 |
|
|a Ahris Yaakup ,
|e editor
|
| 700 |
0 |
|
|a Amiruddin Abu Bakar ,
|e editor
|
| 700 |
0 |
|
|a Ghazali Desa ,
|e editor
|
| 700 |
0 |
|
|a Taher Buyong ,
|e editor
|
| 999 |
|
|
|a 0000005802
|b BOOK
|c Open Shelf
|e Default branch
|